000 00495cam a22001815a 4500
001 E153501
008 110802s1967 xxk f 000 0 eng d
035 _a(Sirsi) u153501
041 0 _aeng
110 2 _aRoyal Institution of Chartered Surveyors
_bGeneral Practice Section
_95962
245 0 0 _aScale of professional charges
260 _aDublin
_bRICS
_c1967
300 _a12p.
_c12cm.
520 _aRevised 1967.
651 4 _aIreland (Republic of)
_y
690 _aABOUT RICS
942 _n0
999 _c112556
_d112556